Recent advances in phytochemistry. V 7. The chemistry and biochemistry of plant hormones (Record no. 36802)

MARC details
000 -LEADER
fixed length control field 00643nam a2200241Ia 4500
082 ## - DEWEY DECIMAL CLASSIFICATION NUMBER
Classification number 581.19
Item number REC.7
245 #0 - TITLE STATEMENT
Title Recent advances in phytochemistry. V 7. The chemistry and biochemistry of plant hormones
260 ## - PUBLICATION, DISTRIBUTION, ETC. (IMPRINT)
Place of publication New York
Name of publisher Academic
Year of publication 1974
650 ## - SUBJECT ADDED ENTRY--TOPICAL TERM
Topical Term Abscisic acid
650 ## - SUBJECT ADDED ENTRY--TOPICAL TERM
Topical Term Biochemistry
650 ## - SUBJECT ADDED ENTRY--TOPICAL TERM
Topical Term Cytokinin
650 ## - SUBJECT ADDED ENTRY--TOPICAL TERM
Topical Term Ethylene
650 ## - SUBJECT ADDED ENTRY--TOPICAL TERM
Topical Term Fungi
650 ## - SUBJECT ADDED ENTRY--TOPICAL TERM
Topical Term Gibberellin
650 ## - SUBJECT ADDED ENTRY--TOPICAL TERM
Topical Term Higher plant
650 ## - SUBJECT ADDED ENTRY--TOPICAL TERM
Topical Term Indolacetic acid
650 ## - SUBJECT ADDED ENTRY--TOPICAL TERM
Topical Term Metabolism
650 ## - SUBJECT ADDED ENTRY--TOPICAL TERM
Topical Term Phytochemistry
650 ## - SUBJECT ADDED ENTRY--TOPICAL TERM
Topical Term Plant growth
700 ## - ADDED ENTRY--PERSONAL NAME
Personal name RUNECKLES, V C
942 ## - ADDED ENTRY ELEMENTS (KOHA)
Koha item type Books
Holdings
Withdrawn status Lost status Damaged status Not for loan Home library Current library Date acquired Full call number Accession Number Koha item type
        RRII Library RRII Library 16/12/2021 581.19 REC.7 17200 Books